Taiwan Railway Western Trunk Line (North) - Statistics

General Stats
  • This quiz has been taken 41 times
  • The average score is 26 of 35
Answer Stats
Hint Answer % Correct
0900 基隆 Keelung
96%
0980 南港 Nangang
96%
0990 松山 Songshan
96%
1000 臺北 Taipei
96%
1080 桃園 Taoyuan
96%
1020 板橋 Banqiao
93%
1210 新竹 Hsinchu
93%
1100 中壢 Zhongli
89%
0930 七堵 Qidu
85%
1010 萬華 Wanhua
85%
1180 竹北 Zhubei
85%
1040 樹林 Shulin
81%
0960 汐止 Xizhi
81%
1070 鶯歌 Yingge
81%
0920 八堵 Badu
78%
1250 竹南 Zhunan
78%
1090 內壢 Neili
74%
1030 浮洲 Fuzhou
70%
1060 山佳 Shanjia
70%
0970 汐科 Xike
70%
1120 楊梅 Yangmei
70%
1170 新豐 Xinfeng
67%
1160 湖口 Hukou
63%
1190 北新竹 North Hsinchu
63%
0950 五堵 Wudu
63%
1230 香山 Xiangshan
63%
0940 百福 Baifu
59%
1110 埔心 Puxin
59%
1050 南樹林 South Shulin
59%
0910 三坑 Sankeng
56%
1150 北湖 Beihu
52%
1240 崎頂 Qiding
52%
1130 富岡 Fugang
48%
1220 三姓橋 Sanxingqiao
48%
1140 新富 Xinfu
48%
No matching quizzes found
Score Distribution
Percent of People with Each Score
Percentile by Number Answered
Your Score History
You have not taken this quiz